The Stephen Cobb complete book of PC and LAN security

Bibliographic Details
Main Author: Cobb, Stephen
Format: Book
Published: Blue Ridfe Summit : Windcrest Books , 1992
Subjects:

MARC

LEADER 00000cam a2200000 7i4500
001 0000006008
002 000006494
005 20000330.0
020 |a 0830632808 
090 0 0 |a 005.8   |b COB 
100 0 |a Cobb, Stephen 
245 1 4 |a The Stephen Cobb complete book of PC and LAN security   |c Stephen Cobb 
260 |a Blue Ridfe Summit :   |b Windcrest Books ,   |c 1992 
300 |a 556 p. ;   |c 23 cm. 
650 0 0 |a Computers   |x Access control 
650 0 0 |a Local area networks (Computer Networks)   |x Security measures 
999 |a 024973   |b BUKU   |c PINJAMAN   |e PERPUSTAKAAN KOMUNITI PETALING JAYA 
999 |a 028473   |b BUKU   |c PINJAMAN   |e PERPUSTAKAAN KOMUNITI PETALING JAYA 
999 |a 037834   |b BUKU   |c PINJAMAN   |e PERPUSTAKAAN KOMUNITI PETALING JAYA